<?xml version="1.0" encoding="UTF-8"?><marc:collection xmlns:marc="http://www.loc.gov/MARC21/slim">
  <marc:record>
    <marc:leader>00000nam  2200000zi 4500</marc:leader>
    <marc:controlfield tag="001">9.943266</marc:controlfield>
    <marc:controlfield tag="003">CaOODSP</marc:controlfield>
    <marc:controlfield tag="005">20250526103730</marc:controlfield>
    <marc:controlfield tag="006">m     o  d f      </marc:controlfield>
    <marc:controlfield tag="007">cr mn|||||||||</marc:controlfield>
    <marc:controlfield tag="008">240916e202410##onc     ob   f100 0 fre d</marc:controlfield>
    <marc:datafield tag="020" ind1=" " ind2=" ">
      <marc:subfield code="a">9780660736570</marc:subfield>
    </marc:datafield>
    <marc:datafield tag="040" ind1=" " ind2=" ">
      <marc:subfield code="a">CaOODSP</marc:subfield>
      <marc:subfield code="b">fre</marc:subfield>
      <marc:subfield code="e">rda</marc:subfield>
      <marc:subfield code="c">CaOODSP</marc:subfield>
    </marc:datafield>
    <marc:datafield tag="043" ind1=" " ind2=" ">
      <marc:subfield code="a">n-cn-ns</marc:subfield>
      <marc:subfield code="a">n-cn-nk</marc:subfield>
      <marc:subfield code="a">ln-----</marc:subfield>
    </marc:datafield>
    <marc:datafield tag="086" ind1="1" ind2=" ">
      <marc:subfield code="a">Fs70-4/2024-040F-PDF</marc:subfield>
    </marc:datafield>
    <marc:datafield tag="245" ind1="0" ind2="0">
      <marc:subfield code="a">Compte rendu de l'examen régional par les pairs du cadre de travail sur le hareng du sud-ouest de la Nouvelle-Écosse et de la baie de Fundy : </marc:subfield>
      <marc:subfield code="b">partie 2 - examen du modèle opérationnel de conditionnement pour l'évaluation de la stratégie de gestion : dates de la réunion, du 21 au 22 janvier 2020 : endroit, Dartmouth (Nouvelle-Écosse) / </marc:subfield>
      <marc:subfield code="c">présidents, Darek Moreau et Tara McIntyre ; rédacteurs, Una Goggin et Rabindra Singh.</marc:subfield>
    </marc:datafield>
    <marc:datafield tag="264" ind1=" " ind2="1">
      <marc:subfield code="a">Ottawa (Ontario) : </marc:subfield>
      <marc:subfield code="b">Secrétariat canadien de consultation scientifique (SCCS), </marc:subfield>
      <marc:subfield code="c">octobre 2024.</marc:subfield>
    </marc:datafield>
    <marc:datafield tag="264" ind1=" " ind2="4">
      <marc:subfield code="c">©2024</marc:subfield>
    </marc:datafield>
    <marc:datafield tag="300" ind1=" " ind2=" ">
      <marc:subfield code="a">1 ressource en ligne (iv, 19 pages).</marc:subfield>
    </marc:datafield>
    <marc:datafield tag="336" ind1=" " ind2=" ">
      <marc:subfield code="a">texte</marc:subfield>
      <marc:subfield code="b">txt</marc:subfield>
      <marc:subfield code="2">rdacontent/fre</marc:subfield>
    </marc:datafield>
    <marc:datafield tag="337" ind1=" " ind2=" ">
      <marc:subfield code="a">informatique</marc:subfield>
      <marc:subfield code="b">c</marc:subfield>
      <marc:subfield code="2">rdamedia/fre</marc:subfield>
    </marc:datafield>
    <marc:datafield tag="338" ind1=" " ind2=" ">
      <marc:subfield code="a">ressource en ligne</marc:subfield>
      <marc:subfield code="b">cr</marc:subfield>
      <marc:subfield code="2">rdacarrier/fre</marc:subfield>
    </marc:datafield>
    <marc:datafield tag="490" ind1="1" ind2=" ">
      <marc:subfield code="a">Compte rendu, </marc:subfield>
      <marc:subfield code="x">2292-4264 ; </marc:subfield>
      <marc:subfield code="v">2024/040</marc:subfield>
    </marc:datafield>
    <marc:datafield tag="500" ind1=" " ind2=" ">
      <marc:subfield code="a">Publié aussi en anglais sous le titre : Proceedings of the regional peer review of the southwest Nova Scotia/Bay of Fundy herring framework: part 2 - management strategy evaluation conditioning operating model review: meeting dates, January 21-22, 2020: location, Dartmouth, Nova Scotia.</marc:subfield>
    </marc:datafield>
    <marc:datafield tag="504" ind1=" " ind2=" ">
      <marc:subfield code="a">Comprend des références bibliographiques.</marc:subfield>
    </marc:datafield>
    <marc:datafield tag="520" ind1=" " ind2=" ">
      <marc:subfield code="a">« Un examen régional par les pairs du Cadre pour le hareng du sud-ouest de la Nouvelle-Écosse et de la baie de Fundy : Partie 2 - Évaluation de la stratégie de gestion - Examen du modèle opérationnel de conditionnement a eu lieu les 21 et 22 janvier 2020 au siège social de l'Organisation des pêches de l'Atlantique Nord-Ouest (OPANO) à Dartmouth, en Nouvelle-Écosse. Comme il est indiqué dans le cadre de référence, l'objectif était d'examiner la structure et l'ajustement d'un exemple de modèle opérationnel qui servira de base à tous les modèles opérationnels de l'évaluation de la stratégie de gestion (ESG). Les participants de cette réunion comprenaient des représentants des directions des Sciences, de la Gestion des ressources, de la Gestion des écosystèmes et des Politiques du MPO, de communautés et d'organisations autochtones, d'organisations non gouvernementales et de l'industrie de la pêche, ainsi que des experts externes. Le présent document contient un résumé de la présentation et représente un compte rendu des discussions et des conclusions de la réunion. … » -- Sommaire, page iv.</marc:subfield>
    </marc:datafield>
    <marc:datafield tag="650" ind1=" " ind2="6">
      <marc:subfield code="a">Hareng</marc:subfield>
      <marc:subfield code="x">Pêche commerciale</marc:subfield>
      <marc:subfield code="z">Nouvelle-Écosse</marc:subfield>
      <marc:subfield code="z">Atlantique, Côte de l'</marc:subfield>
      <marc:subfield code="x">Gestion</marc:subfield>
      <marc:subfield code="v">Congrès.</marc:subfield>
    </marc:datafield>
    <marc:datafield tag="650" ind1=" " ind2="6">
      <marc:subfield code="a">Hareng</marc:subfield>
      <marc:subfield code="x">Pêche commerciale</marc:subfield>
      <marc:subfield code="z">Fundy, Baie de</marc:subfield>
      <marc:subfield code="x">Gestion</marc:subfield>
      <marc:subfield code="v">Congrès.</marc:subfield>
    </marc:datafield>
    <marc:datafield tag="650" ind1=" " ind2="6">
      <marc:subfield code="a">Ressources halieutiques</marc:subfield>
      <marc:subfield code="x">Évaluation</marc:subfield>
      <marc:subfield code="z">Nouvelle-Écosse</marc:subfield>
      <marc:subfield code="z">Atlantique, Côte de l'</marc:subfield>
      <marc:subfield code="v">Congrès.</marc:subfield>
    </marc:datafield>
    <marc:datafield tag="650" ind1=" " ind2="6">
      <marc:subfield code="a">Ressources halieutiques</marc:subfield>
      <marc:subfield code="x">Évaluation</marc:subfield>
      <marc:subfield code="z">Fundy, Baie de</marc:subfield>
      <marc:subfield code="v">Congrès.</marc:subfield>
    </marc:datafield>
    <marc:datafield tag="655" ind1=" " ind2="7">
      <marc:subfield code="a">Actes de congrès</marc:subfield>
      <marc:subfield code="2">rvmgf</marc:subfield>
    </marc:datafield>
    <marc:datafield tag="700" ind1="1" ind2=" ">
      <marc:subfield code="a">Moreau, Darek.</marc:subfield>
    </marc:datafield>
    <marc:datafield tag="710" ind1="2" ind2=" ">
      <marc:subfield code="a">Secrétariat canadien de consultation scientifique, </marc:subfield>
      <marc:subfield code="e">organisme de publication.</marc:subfield>
    </marc:datafield>
    <marc:datafield tag="710" ind1="1" ind2=" ">
      <marc:subfield code="a">Canada. </marc:subfield>
      <marc:subfield code="b">Ministère des pêches et des océans. </marc:subfield>
      <marc:subfield code="b">Région des Maritimes, </marc:subfield>
      <marc:subfield code="e">organisme de publication.</marc:subfield>
    </marc:datafield>
    <marc:datafield tag="775" ind1="0" ind2="8">
      <marc:subfield code="t">Proceedings of the regional peer review of the southwest Nova Scotia/Bay of Fundy herring framework : </marc:subfield>
      <marc:subfield code="w">(CaOODSP)9.943265</marc:subfield>
    </marc:datafield>
    <marc:datafield tag="830" ind1="#" ind2="0">
      <marc:subfield code="a">Compte rendu (Secrétariat canadien de consultation scientifique)</marc:subfield>
      <marc:subfield code="v">2024/040.</marc:subfield>
      <marc:subfield code="w">(CaOODSP)9.502879</marc:subfield>
    </marc:datafield>
    <marc:datafield tag="856" ind1="4" ind2="0">
      <marc:subfield code="q">PDF</marc:subfield>
      <marc:subfield code="s">391 Ko</marc:subfield>
      <marc:subfield code="u">https://publications.gc.ca/collections/collection_2025/mpo-dfo/fs70-4/Fs70-4-2024-040-fra.pdf</marc:subfield>
    </marc:datafield>
  </marc:record>
</marc:collection>
